000 00393nam a2200133Ia 4500
008 220120s9999||||xx |||||||||||||| ||und||
020 _a0-07-465545-5
082 _a519.24 RUD
100 _aRudraiah, N, Venkatachalappa, M, Siddeswar, Pradeep, G
245 0 _aComputer oriented numarical methods and linear programming
260 _bPune
_c2001
300 _a253p.
_b160
650 _aCIRCUITRY
999 _c131953
_d131953